Science Quiz

Random Science or Elements Quiz

Anything But Carbon Quiz Stats

Quiz Updated Aug 28, 2015

Challenge
Share
Tweet
Embed
Score 0/59 Timer 07:00
0 Plays Today
% Correct
Oxygen
97.2%
Oxygen
97.1%
Hydrogen
96.5%
Hydrogen
96.5%
Nitrogen
91.2%
Nitrogen
91.2%
Gold
86.1%
Potassium
85.9%
Potassium
85.9%
Boron
85.7%
Boron
85.7%
Silver
84.5%
Copper
78.1%
Copper
78.1%
Iron
77.3%
Iron
77.3%
Calcium
72.3%
Calcium
72.3%
Neon
71.9%
Sulfur
69.9%
Sulfur
69.9%
Sulfur
69.9%
Xenon
68.9%
Chlorine
68.1%
Chlorine
68.1%
Argon
68%
Lead
67.4%
Lead
67.4%
Tin
67.4%
Tin
67.4%
% Correct
Iodine
67.4%
Radon
63.3%
Fluorine
63.2%
Tungsten
62.8%
Uranium
62.1%
Phosphorus
60.7%
Phosphorus
60.7%
Cobalt
58.2%
Sodium
57.4%
Krypton
56.3%
Silicon
54.9%
Silicon
54.9%
Zinc
53.3%
Cadmium
52.5%
Cesium
52.4%
Mercury
51.5%
Chromium
51%
Californium
45.3%
Vanadium
42.8%
Yttrium
42.4%
Curium
35.9%
Arsenic
34.8%
Germanium
31.4%
Cerium
29.2%
Antimony
26%
Copernicium
24.2%
Bismuth
16.1%
Oganesson
13.5%
Flerovium
9.7%

You're not logged in!

Compare scores with friends on all Sporcle quizzes.
Sign Up with Email
OR
Log In

You Might Also Like...

Show Comments

Extras

Top Quizzes Today


Score Distribution

Your Account Isn't Verified!

In order to create a playlist on Sporcle, you need to verify the email address you used during registration. Go to your Sporcle Settings to finish the process.